[Event "Online Olym Div2 D 2020"]
[Site "chess.com INT"]
[Date "2020.08.14"]
[Round "3.4"]
[Board "1"]
[White "Solak, Dragan"]
[Black "Jessel, Stephen"]
[Result "1-0"]
[WhiteTitle "GM"]
[BlackTitle "FM"]
[WhiteElo "2594"]
[BlackElo "2297"]
[WhiteTeam "Turkey"]
[BlackTeam "Ireland"]
[WhiteFideId "916811"]
[BlackFideId "628859"]
[EventDate "2020.08.14"]
[EventType "team"]

1. e4 c5 2. c4 e6 3. Nc3 a6 4. g3 Qc7 5. Bg2 b6 6. Nge2 Bb7 7. O-O Nf6 8. d3 d6
9. h3 g6 10. d4 cxd4 11. Nxd4 Nbd7 12. Be3 Rd8 13. Rc1 Qb8 14. Qa4 Qa8 15. Rfe1
Bg7 16. Rcd1 O-O 17. Bg5 h6 18. Bc1 Rfe8 19. Qc2 Rc8 20. b3 Bf8 21. a4 Nc5 22.
Re3 Red8 23. Bb2 Bg7 24. Nde2 d5 25. exd5 exd5 26. cxd5 b5 27. axb5 axb5 28. Qb1
b4 29. Na4 Nxa4 30. bxa4 Qxa4 31. Red3 Ba6 32. R3d2 Bc4 33. d6 Ba2 34. Qa1 Bb3
35. Bxf6 Bxf6 36. Qxf6 Bxd1 37. Bd5 Rf8 38. Qxg6+ Kh8 39. Qxh6+ Kg8 40. Qg5+ Kh8
41. Rd4 1-0

[Event "Online Olym Div2 D 2020"]
[Site "chess.com INT"]
[Date "2020.08.14"]
[Round "3.4"]
[Board "2"]
[White "Venkatesan, Kavin"]
[Black "Sanal, Vahap"]
[Result "0-1"]
[BlackTitle "GM"]
[WhiteElo "1946"]
[BlackElo "2581"]
[WhiteTeam "Ireland"]
[BlackTeam "Turkey"]
[WhiteFideId "2512602"]
[BlackFideId "6300545"]
[EventDate "2020.08.14"]
[EventType "team"]

1. d4 Nf6 2. c4 e6 3. Nc3 Bb4 4. f3 d5 5. cxd5 exd5 6. Bg5 O-O 7. e3 Re8 8. Qd2
c5 9. Nge2 h6 10. Bh4 Nc6 11. O-O-O Bf5 12. Ng3 Bh7 13. Nh5 g5 14. Nxf6+ Qxf6
15. Bf2 c4 16. a3 Na5 17. Nxd5 Nb3# 0-1

[Event "Online Olym Div2 D 2020"]
[Site "chess.com INT"]
[Date "2020.08.14"]
[Round "3.4"]
[Board "3"]
[White "Atalik, Ekaterina"]
[Black "Kanyamarala, Trisha"]
[Result "1-0"]
[WhiteTitle "IM"]
[BlackTitle "WIM"]
[WhiteElo "2450"]
[BlackElo "2193"]
[WhiteTeam "Turkey"]
[BlackTeam "Ireland"]
[WhiteFideId "4130189"]
[BlackFideId "45004722"]
[EventDate "2020.08.14"]
[EventType "team"]

1. d4 Nf6 2. Nf3 d5 3. c4 e6 4. Nc3 Bb4 5. Qa4+ Nc6 6. e3 O-O 7. Qc2 Re8 8. Bd2
e5 9. cxd5 exd4 10. dxc6 dxc3 11. Bxc3 Bxc3+ 12. bxc3 bxc6 13. Be2 Be6 14. O-O
Qe7 15. Nd4 Bd5 16. c4 Be4 17. Qc3 Qe5 18. Rfc1 Rad8 19. f3 c5 20. Nb3 Bg6 21.
Qxe5 Rxe5 22. Kf2 Rde8 23. Rc3 h6 24. Rd1 R8e7 25. Rd8+ Kh7 26. Ra8 c6 27. Rc8
Bb1 28. a3 Rf5 29. Ke1 Rfe5 30. Kd2 Rd7+ 31. Kc1 Bf5 32. Rxc6 Rde7 33. e4 Bd7
34. Rxc5 Ba4 35. Rxe5 Rxe5 36. Nd4 Re7 37. c5 Rd7 38. Nf5 Bc6 39. Ne3 Rd4 40.
Bc4 Kg8 41. Nf5 Rd7 42. Nd6 Kf8 43. Rb3 Nh5 44. g3 Ke7 45. Rb8 Ba4 46. e5 Rc7
47. Kd2 Bc6 48. Nf5+ Kd7 49. Bxf7 Bxf3 50. e6+ Kc6 51. Nd4+ Kxc5 52. Nxf3 1-0

[Event "Online Olym Div2 D 2020"]
[Site "chess.com INT"]
[Date "2020.08.14"]
[Round "3.4"]
[Board "4"]
[White "O'Gorman, Alice"]
[Black "Ozturk, Kubra"]
[Result "0-1"]
[BlackTitle "WGM"]
[WhiteElo "1904"]
[BlackElo "2330"]
[WhiteTeam "Ireland"]
[BlackTeam "Turkey"]
[WhiteFideId "2508214"]
[BlackFideId "6302599"]
[EventDate "2020.08.14"]
[EventType "team"]

1. e4 e5 2. Nf3 Nc6 3. Bc4 Nf6 4. d3 Be7 5. O-O O-O 6. c3 d6 7. Bb3 Na5 8. Bc2
c5 9. Nbd2 Nc6 10. Re1 Re8 11. Nf1 Bf8 12. Ng3 g6 13. h3 Bg7 14. Bg5 h6 15. Be3
Kh7 16. d4 cxd4 17. cxd4 exd4 18. Nxd4 Ne5 19. Bb3 Qe7 20. Rc1 Be6 21. Bxe6 fxe6
22. Nb5 Rad8 23. Bxa7 Nc6 24. Bb6 Rd7 25. Re2 d5 26. Bc5 Qd8 27. e5 Ne4 28. Nxe4
dxe4 29. Qc2 Nxe5 30. Rxe4 Nd3 31. Rb1 Qg5 32. Rc4 Nf4 33. g3 Nxh3+ 34. Kg2 Rd2
35. Qe4 Nxf2 36. Bxf2 Qxb5 37. Rc2 Rxc2 38. Qxc2 Qd5+ 39. Kg1 Rf8 40. b3 Bd4 41.
Rf1 Qf3 42. Qc7+ Kg8 43. Bxd4 Qxf1+ 44. Kh2 Qe2+ 45. Kh3 Qh5+ 46. Kg2 Qd5+ 0-1

[Event "Online Olym Div2 D 2020"]
[Site "chess.com INT"]
[Date "2020.08.14"]
[Round "3.4"]
[Board "5"]
[White "Gokerkan, Cem Kaan"]
[Black "Kanyamarala, Tarun"]
[Result "1/2-1/2"]
[WhiteTitle "IM"]
[BlackTitle "FM"]
[WhiteElo "2461"]
[BlackElo "2381"]
[WhiteTeam "Turkey"]
[BlackTeam "Ireland"]
[WhiteFideId "6336760"]
[BlackFideId "45004714"]
[EventDate "2020.08.14"]
[EventType "team"]

1. e4 c5 2. Nf3 Nc6 3. Nc3 e5 4. Bc4 Be7 5. d3 d6 6. a4 Nf6 7. h3 O-O 8. O-O Nd7
9. Nd5 Nb6 10. Nxb6 axb6 11. c3 Be6 12. Bxe6 fxe6 13. Qb3 Rf6 14. Nh2 Rg6 15. f4
exf4 16. Bxf4 Bg5 17. Ng4 h5 18. Ne3 Ne5 19. d4 Bxf4 20. Rxf4 Qg5 21. Raf1 Qg3
22. dxe5 Qxe3+ 23. Kh1 dxe5 24. R4f3 Qe2 25. R1f2 Qxe4 26. Qxb6 Qxa4 27. Qxc5
Qd1+ 28. Kh2 Qd5 29. Qxd5 exd5 30. Rf5 Re6 31. Re2 Rae8 32. Rxh5 g6 33. Rh4 Rb6
34. Ra4 Rb5 35. c4 dxc4 36. Rxc4 Re6 37. Rc7 Rf6 38. Re7 Rfb6 39. Rd2 Kf8 40.
Rh7 Ke8 41. Rdd7 Rxb2 42. Rc7 Kd8 43. Rhd7+ Ke8 44. Re7+ Kd8 45. Red7+ Ke8 46.
Rh7 Kd8 47. Rcg7 Re6 48. Rxb7 Rxb7 49. Rxb7 Rc6 50. Kg3 Rc3+ 51. Kg4 Rc4+ 52.
Kg5 Rc3 53. g4 Rxh3 54. Kxg6 Rg3 55. Kf5 Ke8 56. Rb5 Kf7 57. Rxe5 Rg1 58. Ra5
Kg7 59. Ra7+ Kh6 60. Ra6+ Kg7 61. Kg5 Rb1 62. Ra7+ Kg8 63. Kh6 Rb6+ 64. Kh5 Rb5+
65. g5 Rb6 66. Rc7 Ra6 67. Rb7 Rc6 68. g6 Rc1 69. Rb8+ Kg7 70. Rb7+ Kg8 71. Kg5
Rg1+ 72. Kf6 Rf1+ 73. Ke6 Re1+ 74. Kf6 Rf1+ 75. Ke6 Re1+ 76. Kf6 Rf1+ 1/2-1/2

[Event "Online Olym Div2 D 2020"]
[Site "chess.com INT"]
[Date "2020.08.14"]
[Round "3.4"]
[Board "6"]
[White "Putar, Lara"]
[Black "Caglar, Sila"]
[Result "1-0"]
[BlackTitle "WIM"]
[WhiteElo "1834"]
[BlackElo "2250"]
[WhiteTeam "Ireland"]
[BlackTeam "Turkey"]
[WhiteFideId "14546604"]
[BlackFideId "6364063"]
[EventDate "2020.08.14"]
[EventType "team"]

1. d4 Nf6 2. c4 g6 3. Nf3 Bg7 4. g3 O-O 5. Bg2 c5 6. d5 d6 7. O-O b5 8. cxb5 a6
9. bxa6 Nxa6 10. Nc3 Bd7 11. e4 Qc7 12. a3 Rfb8 13. Qe2 Ng4 14. Nd2 Rb7 15. h3
Nf6 16. f4 Nh5 17. Rf3 Rc8 18. g4 Bd4+ 19. Kh1 Ng7 20. Qxa6 Bxc3 21. Rxc3 Bb5
22. Qxb7 Qxb7 23. e5 h5 24. Ne4 f5 25. exf6 Nf5 26. gxf5 gxf5 27. Rg3+ Kh8 28.
Ng5 exf6 29. Ne6 Bc4 30. Bd2 Bxd5 31. Bc3 Bxg2+ 32. Rxg2 Qe7 33. Ng7 Rg8 34.
Nxh5 Qe4 35. Bxf6+ Kh7 36. Bg5 Qf3 37. Nf6+ Kg6 38. Nxg8 Qxh3+ 39. Kg1 Qe3+ 40.
Kh2 1-0

[Event "Online Olym Div2 D 2020"]
[Site "chess.com INT"]
[Date "2020.08.14"]
[Round "3.5"]
[Board "1"]
[White "Andersen, Mads"]
[Black "Cu Hor, Winston Darwin"]
[Result "0-1"]
[WhiteTitle "GM"]
[BlackTitle "FM"]
[WhiteElo "2585"]
[BlackElo "2333"]
[WhiteTeam "Denmark"]
[BlackTeam "Guatemala"]
[WhiteFideId "1413864"]
[BlackFideId "7300662"]
[EventDate "2020.08.14"]
[EventType "team"]

1. Nf3 c5 2. g3 b6 3. Bg2 Bb7 4. O-O Nf6 5. c4 g6 6. Nc3 Bg7 7. d4 cxd4 8. Qxd4
O-O 9. Qh4 d6 10. Rd1 Nbd7 11. Bh6 Bxh6 12. Qxh6 Rc8 13. b3 Rc5 14. Ng5 Bxg2 15.
Kxg2 Qa8+ 16. Kg1 Re8 17. Rd4 Nf8 18. Rh4 Qc8 19. f3 Qf5 20. Nge4 Nxe4 21. Nxe4
Ra5 22. Rd1 Qe5 23. Qd2 Rd8 24. Nc3 e6 25. Rd4 Rc5 26. Ne4 d5 27. Nxc5 bxc5 28.
Rd3 d4 29. e3 dxe3 30. Qe2 Rxd3 31. Rxd3 Qa1+ 32. Kg2 e5 33. Rxe3 Ne6 34. Rxe5
Nd4 35. Re8+ Kg7 36. Qe5+ Kh6 37. Rg8 Qxa2+ 38. Kh3 Ne6 39. g4 Qf2 40. g5+ Nxg5+
41. Kg4 Qxf3+ 42. Kh4 Qh3# 0-1

[Event "Online Olym Div2 D 2020"]
[Site "chess.com INT"]
[Date "2020.08.14"]
[Round "3.5"]
[Board "2"]
[White "Lorenzana, Wilson Estuardo"]
[Black "Thybo, Jesper Sondergaard"]
[Result "1-0"]
[WhiteTitle "IM"]
[BlackTitle "GM"]
[WhiteElo "2220"]
[BlackElo "2577"]
[WhiteTeam "Guatemala"]
[BlackTeam "Denmark"]
[WhiteFideId "7300239"]
[BlackFideId "1438832"]
[EventDate "2020.08.14"]
[EventType "team"]

1. e4 c5 2. Nf3 d6 3. d4 cxd4 4. Nxd4 Nf6 5. Nc3 Nc6 6. Bg5 e6 7. Qd2 a6 8. f4
Bd7 9. O-O-O Be7 10. Nf3 b5 11. e5 b4 12. exf6 bxc3 13. Qxc3 gxf6 14. Bh4 d5 15.
a3 Rc8 16. Qd2 Na5 17. Kb1 Bb5 18. Bd3 Bxd3 19. cxd3 Rb8 20. Ka2 Qb6 21. Qc3 O-O
22. Bxf6 Rfc8 23. Qe5 Bxa3 24. Rd2 Qb3+ 25. Kb1 h6 26. f5 d4 27. Nxd4 Qd5 28.
Qg3+ Kf8 29. Nxe6+ fxe6 30. Qg7+ Ke8 31. Qg6+ Kd7 32. Qf7+ Kc6 33. Re1 e5 34.
Qxd5+ Kxd5 35. Rxe5+ Kd6 36. Rxa5 Bb4 37. Rxa6+ Kd5 38. Re2 Re8 39. Rxe8 Rxe8
40. Bc3 Bd6 41. f6 Bxh2 42. f7 Rf8 43. Rf6 Be5 44. Rf5 1-0

[Event "Online Olym Div2 D 2020"]
[Site "chess.com INT"]
[Date "2020.08.14"]
[Round "3.5"]
[Board "3"]
[White "Kryger, Oksana"]
[Black "Diaz, Luisa"]
[Result "1-0"]
[WhiteTitle "WIM"]
[WhiteElo "2113"]
[BlackElo "1739"]
[WhiteTeam "Denmark"]
[BlackTeam "Guatemala"]
[WhiteFideId "1404695"]
[BlackFideId "7300948"]
[EventDate "2020.08.14"]
[EventType "team"]

1. d4 d5 2. c4 Nf6 3. Nc3 g6 4. Nf3 Bg7 5. Bg5 dxc4 6. e4 O-O 7. Bxc4 a6 8. e5
Ne8 9. O-O b5 10. Bd5 c6 11. Be4 Bb7 12. Rc1 Nc7 13. b4 Nd5 14. Qb3 Qd7 15. h3
a5 16. a3 axb4 17. axb4 Na6 18. Nxd5 cxd5 19. Bd3 Rfc8 20. Rxc8+ Rxc8 21. Ra1 e6
22. Ra5 Nc7 23. h4 h6 24. Be3 Ra8 25. Qa3 Qc6 26. Bd2 Bf8 27. Nh2 Rxa5 28. Qxa5
h5 29. Nf3 Be7 30. g3 Bd8 31. Kg2 Qa6 32. Ne1 Kg7 33. Nc2 f6 34. exf6+ Kf7 35.
Na3 Qxa5 36. bxa5 Ba6 37. Bf4 b4 38. Nc2 Bxd3 39. Nxb4 Bc4 40. Nc6 Bxf6 41. Bxc7
Bb5 42. Ne5+ Kg7 43. Kf3 Be7 44. Kf4 Bb4 45. Kg5 Bd2+ 46. f4 Be1 47. Nxg6 Bxg3
48. Kxh5 Bf2 49. Be5+ Kf7 50. Kg5 Be1 51. Bc7 Bd3 52. Ne5+ Ke7 53. Nxd3 Kd7 54.
Bb6 Ke7 55. a6 Bc3 56. a7 Kd7 57. a8=Q Ke7 58. Bc5+ Kd7 59. Ne5+ Kc7 60. Qa7+
Kd8 61. Qd7# 1-0

[Event "Online Olym Div2 D 2020"]
[Site "chess.com INT"]
[Date "2020.08.14"]
[Round "3.5"]
[Board "4"]
[White "Mencos Castillo, Maria"]
[Black "Guindy, Esmat Susanne"]
[Result "1-0"]
[WhiteTitle "WIM"]
[BlackTitle "WFM"]
[WhiteElo "1865"]
[BlackElo "2131"]
[WhiteTeam "Guatemala"]
[BlackTeam "Denmark"]
[WhiteFideId "7300867"]
[BlackFideId "1401637"]
[EventDate "2020.08.14"]
[EventType "team"]

1. e4 e6 2. d4 d5 3. Nc3 Nf6 4. e5 Nfd7 5. a3 c5 6. Nge2 cxd4 7. Nxd4 Nxe5 8.
Bf4 Ng6 9. Bg3 Nc6 10. Ndb5 e5 11. Nxd5 Bd6 12. Ndc3 Bb8 13. Qxd8+ Nxd8 14.
O-O-O O-O 15. Nd6 Be6 16. Nce4 f5 17. Nc5 f4 18. Nxe6 Nxe6 19. Bc4 fxg3 20.
Bxe6+ Kh8 21. Nf7+ Kg8 22. Nxe5+ Kh8 23. Nxg6+ hxg6 24. hxg3# 1-0

[Event "Online Olym Div2 D 2020"]
[Site "chess.com INT"]
[Date "2020.08.14"]
[Round "3.5"]
[Board "5"]
[White "Olsen, Filip Boe"]
[Black "Aragon Trujillo, Ricardo M."]
[Result "1-0"]
[WhiteTitle "IM"]
[BlackTitle "CM"]
[WhiteElo "2351"]
[BlackElo "1875"]
[WhiteTeam "Denmark"]
[BlackTeam "Guatemala"]
[WhiteFideId "1440640"]
[BlackFideId "7303033"]
[EventDate "2020.08.14"]
[EventType "team"]

1. d4 Nf6 2. c4 g6 3. Nc3 d5 4. Bf4 Bg7 5. e3 O-O 6. Rc1 c6 7. Bd3 Re8 8. Nf3 e6
9. h3 Nbd7 10. O-O h6 11. cxd5 exd5 12. b4 Ne4 13. Qb3 Ndf6 14. b5 Bd7 15. Na4
cxb5 16. Bxb5 Bxb5 17. Qxb5 b6 18. Rc6 Qd7 19. Ne5 Qb7 20. Rfc1 Rac8 21. Nd3
Rxc6 22. Qxc6 Qa6 23. Nab2 Qxa2 24. Be5 Re6 25. Qb7 Qa4 26. Nxa4 1-0

[Event "Online Olym Div2 D 2020"]
[Site "chess.com INT"]
[Date "2020.08.14"]
[Round "3.5"]
[Board "6"]
[White "Santiago Sontay, Jenny Fernanda"]
[Black "van den Brink, Nienke"]
[Result "1-0"]
[WhiteElo "1708"]
[BlackElo "1811"]
[WhiteTeam "Guatemala"]
[BlackTeam "Denmark"]
[WhiteFideId "7303084"]
[BlackFideId "1452568"]
[EventDate "2020.08.14"]
[EventType "team"]

1. e4 c5 2. Nf3 d6 3. d4 cxd4 4. Qxd4 Nc6 5. Bb5 Qa5+ 6. Nc3 Bd7 7. Qd3 Nf6 8.
O-O g6 9. Bd2 Qc7 10. Rad1 Bg7 11. Rfe1 O-O 12. Nd5 Nxd5 13. exd5 Ne5 14. Nxe5
Bxe5 15. Bxd7 Qxd7 16. Bc3 Bxc3 17. Qxc3 Rac8 18. Qd2 Qa4 19. c3 Rc7 20. b3 Qa6
21. c4 b5 22. cxb5 Qxb5 23. Re2 Rfc8 24. Rde1 Qb7 25. h3 Kg7 26. Qd4+ Kg8 27.
Qd2 Re8 28. Re4 Rc5 29. Rd4 h5 30. b4 Rc7 31. a4 Rec8 32. Rde4 Re8 33. Qg5 a6
34. Rh4 Kh7 35. g4 Qxb4 36. gxh5 Qxe1+ 37. Kg2 Qb1 38. hxg6+ Kg7 39. gxf7+ Kxf7
40. Rf4+ Qf5 41. Rxf5# 1-0

[Event "Online Olym Div2 D 2020"]
[Site "chess.com INT"]
[Date "2020.08.15"]
[Round "4.1"]
[Board "1"]
[White "Agdestein, Simen"]
[Black "Cu Hor, Winston Darwin"]
[Result "1-0"]
[WhiteTitle "GM"]
[BlackTitle "FM"]
[WhiteElo "2552"]
[BlackElo "2333"]
[WhiteTeam "Norway"]
[BlackTeam "Guatemala"]
[WhiteFideId "1500015"]
[BlackFideId "7300662"]
[EventDate "2020.08.14"]
[EventType "team"]

1. d4 Nf6 2. c4 e6 3. Nc3 Bb4 4. Nf3 O-O 5. Bg5 d5 6. cxd5 exd5 7. e3 h6 8. Bh4
Be6 9. Bd3 c5 10. O-O Nbd7 11. dxc5 Bxc3 12. bxc3 Qa5 13. Nd4 Qxc5 14. Rc1 Rac8
15. c4 Rfe8 16. Nxe6 fxe6 17. Bg3 Qa3 18. Bg6 Rf8 19. cxd5 exd5 20. Rb1 Qxa2 21.
e4 dxe4 22. Rxb7 Nc5 23. Re7 Nd5 24. Re5 Nc3 25. Qg4 Qe2 26. Bh5 Qxg4 27. Bxg4
Rc6 28. Ra1 Nb3 29. Re1 Nd4 30. h4 Kh8 31. Re7 Nf5 32. Bxf5 Rxf5 33. Be5 Nd5 34.
Bxg7+ Kg8 35. Rxa7 e3 36. fxe3 Nc3 37. Bd4 Ne4 38. Rb1 Rf7 39. Rb8+ Rf8 40. Rg7+ 1-0

[Event "Online Olym Div2 D 2020"]
[Site "chess.com INT"]
[Date "2020.08.15"]
[Round "4.1"]
[Board "2"]
[White "Lorenzana, Wilson Estuardo"]
[Black "Urkedal, Frode Olav Olsen"]
[Result "0-1"]
[WhiteTitle "IM"]
[BlackTitle "GM"]
[WhiteElo "2220"]
[BlackElo "2549"]
[WhiteTeam "Guatemala"]
[BlackTeam "Norway"]
[WhiteFideId "7300239"]
[BlackFideId "1506102"]
[EventDate "2020.08.14"]
[EventType "team"]

1. e4 e5 2. Nf3 Nc6 3. Bc4 Nf6 4. d3 Bc5 5. c3 d6 6. O-O h6 7. a4 a5 8. Re1 O-O
9. h3 Be6 10. Bb5 Na7 11. d4 exd4 12. Nxd4 Nxb5 13. axb5 Re8 14. Na3 Bd7 15. f3
Re7 16. Be3 d5 17. exd5 Nxd5 18. Bd2 Rxe1+ 19. Qxe1 Qf6 20. Qf2 Re8 21. Re1
Rxe1+ 22. Bxe1 Nf4 23. Bd2 Nd3 24. Qe3 Nxb2 25. Nac2 Nc4 26. Qe2 Nxd2 27. Qxd2
Bxb5 28. Kh1 Bd7 29. Ne3 a4 30. Qb2 b6 31. Nd5 Qe5 32. Qa2 Be6 33. Nxe6 Qe1+ 34.
Kh2 Bg1+ 0-1

[Event "Online Olym Div2 D 2020"]
[Site "chess.com INT"]
[Date "2020.08.15"]
[Round "4.1"]
[Board "3"]
[White "Machlik, Monika"]
[Black "Mencos, Claudia"]
[Result "1-0"]
[BlackTitle "WIM"]
[WhiteElo "2107"]
[BlackElo "1977"]
[WhiteTeam "Norway"]
[BlackTeam "Guatemala"]
[WhiteFideId "1513621"]
[BlackFideId "7300573"]
[EventDate "2020.08.14"]
[EventType "team"]

1. d4 d5 2. c4 c6 3. Nf3 Nf6 4. e3 Bf5 5. Nc3 e6 6. Nh4 Bg6 7. Qb3 Qb6 8. Nxg6
hxg6 9. Be2 Nbd7 10. Bd2 Be7 11. Rc1 Ne4 12. Nxe4 dxe4 13. Qc2 Nf6 14. a3 Qc7
15. h3 c5 16. dxc5 Qxc5 17. b4 Qc7 18. Bc3 O-O 19. h4 a5 20. Qb3 axb4 21. axb4
Nh7 22. h5 g5 23. h6 Bf6 24. hxg7 Kxg7 25. Rxh7+ Kxh7 26. Bxf6 Kg6 27. Qc3 Qh2
28. Be7 Qh1+ 29. Bf1 Rfe8 30. Qf6+ Kh7 31. Qxf7+ Kh6 32. Qxe6+ Kg7 33. Qf6+ Kh7
34. Qf5+ 1-0

[Event "Online Olym Div2 D 2020"]
[Site "chess.com INT"]
[Date "2020.08.15"]
[Round "4.1"]
[Board "4"]
[White "Mencos Castillo, Maria"]
[Black "Machlik, Edit"]
[Result "0-1"]
[WhiteTitle "WIM"]
[WhiteElo "1865"]
[BlackElo "2078"]
[WhiteTeam "Guatemala"]
[BlackTeam "Norway"]
[WhiteFideId "7300867"]
[BlackFideId "1513591"]
[EventDate "2020.08.14"]
[EventType "team"]

1. e4 c6 2. d4 d5 3. e5 Bf5 4. f4 e6 5. Nf3 c5 6. c3 Nc6 7. Nbd2 cxd4 8. Nxd4
Nxd4 9. cxd4 Ne7 10. Be2 Nc6 11. Nf3 Be7 12. O-O O-O 13. h3 Rc8 14. a3 Na5 15.
Bd3 Bxd3 16. Qxd3 Qb6 17. b4 Nc4 18. Nd2 Nxd2 19. Bxd2 Rc4 20. Rac1 Rfc8 21.
Rxc4 Rxc4 22. Be3 g6 23. Rc1 Qc6 24. Rxc4 dxc4 25. Qc3 b5 26. Kf2 Qe4 27. Bd2
Bh4+ 28. g3 Bd8 29. Qf3 Qxd4+ 30. Qe3 Bb6 31. Qxd4 Bxd4+ 32. Kf3 Bb2 33. Ke4 c3
34. Be3 c2 35. Kd3 c1=Q 36. Bxc1 Bxc1 37. Kd4 Bxa3 38. Kc5 a6 39. Kb6 Bxb4 40.
Kxa6 Be1 0-1

[Event "Online Olym Div2 D 2020"]
[Site "chess.com INT"]
[Date "2020.08.15"]
[Round "4.1"]
[Board "5"]
[White "Abdrlauf, Elham"]
[Black "Garcia Y., Brayan Alexis"]
[Result "1-0"]
[WhiteTitle "FM"]
[WhiteElo "2373"]
[BlackElo "1847"]
[WhiteTeam "Norway"]
[BlackTeam "Guatemala"]
[WhiteFideId "1533533"]
[BlackFideId "7303041"]
[EventDate "2020.08.14"]
[EventType "team"]

1. e4 c5 2. Nf3 d6 3. d4 cxd4 4. Nxd4 Nf6 5. f3 e5 6. Nb3 Be6 7. c4 Be7 8. Nc3
O-O 9. Be3 Nbd7 10. Qd2 Rc8 11. Nd5 Bxd5 12. cxd5 a6 13. Be2 Nb6 14. Qb4 Nfd7
15. O-O f5 16. Na5 Rb8 17. Qd2 Nf6 18. Qb4 Nfd7 19. exf5 Rxf5 20. Bd3 Rf8 21.
Be4 Rf7 22. Rac1 Nc5 23. Qd2 Nba4 24. Bb1 Nxb2 25. Bxc5 dxc5 26. Rce1 Bd6 27.
Re4 Bc7 28. Nb3 c4 29. Qxb2 Bb6+ 30. Kh1 cxb3 31. Qxe5 b2 32. Qxb2 Bc7 33. Rfe1
Qd6 34. g3 Qh6 35. Rh4 Qd6 36. Bxh7+ Kf8 37. Bg6 Qxg6 38. Rh8# 1-0

[Event "Online Olym Div2 D 2020"]
[Site "chess.com INT"]
[Date "2020.08.15"]
[Round "4.1"]
[Board "6"]
[White "Juarez Garcia, Daniela"]
[Black "Kvendseth, Thyra"]
[Result "1/2-1/2"]
[WhiteElo "1625"]
[BlackElo "2017"]
[WhiteTeam "Guatemala"]
[BlackTeam "Norway"]
[WhiteFideId "7302703"]
[BlackFideId "1520628"]
[EventDate "2020.08.14"]
[EventType "team"]

1. e4 e5 2. Nf3 Nc6 3. Bc4 Bc5 4. d3 Nf6 5. h3 O-O 6. c3 a6 7. Bb3 d6 8. Nbd2
Be6 9. Bc2 Ba7 10. O-O Ne7 11. Re1 Ng6 12. Nf1 Nh5 13. Be3 Ngf4 14. d4 Qf6 15.
Ng3 h6 16. Kh2 c6 17. Nxh5 Nxh5 18. Qd2 Rfd8 19. d5 cxd5 20. exd5 Bxe3 21. Rxe3
Bf5 22. Rae1 Re8 23. Nd4 Bd7 24. Rf3 Qg5 25. Qxg5 hxg5 26. Nf5 Bxf5 27. Bxf5 g6
28. Bd7 Re7 29. Ba4 Rc8 30. g3 f5 31. Bc2 e4 32. Rfe3 Nf6 33. f3 Nxd5 34. R3e2
Rce8 35. Bb3 Kg7 36. Bxd5 Re5 37. Bxb7 d5 38. fxe4 dxe4 39. Rd2 f4 40. Rd7+ Kh6
41. gxf4 gxf4 42. Rf7 f3 43. Kg3 Rg5+ 44. Kf2 Rg2+ 45. Ke3 Rxb2 46. Bxe4 Rxe4+
47. Kxe4 Re2+ 48. Kxf3 Rxe1 49. Rf6 a5 50. Ra6 Re5 51. Kf4 Rc5 52. h4 Rc4+ 53.
Ke5 Rxh4 54. Kd5 Ra4 55. c4 Rxa2 56. c5 Rd2+ 57. Ke6 Re2+ 58. Kd5 Rd2+ 59. Ke6
Re2+ 60. Kd5 Rd2+ 1/2-1/2

[Event "Online Olym Div2 D 2020"]
[Site "chess.com INT"]
[Date "2020.08.15"]
[Round "4.2"]
[Board "1"]
[White "Delaney, Killian"]
[Black "Andersen, Mads"]
[Result "0-1"]
[WhiteTitle "FM"]
[BlackTitle "GM"]
[WhiteElo "2314"]
[BlackElo "2585"]
[WhiteTeam "Ireland"]
[BlackTeam "Denmark"]
[WhiteFideId "2501570"]
[BlackFideId "1413864"]
[EventDate "2020.08.14"]
[EventType "team"]

1. c4 c6 2. Nf3 d5 3. e3 Nf6 4. Nc3 e6 5. b3 Bd6 6. Bb2 O-O 7. d4 Nbd7 8. Be2 b6
9. O-O Bb7 10. Qc2 Qe7 11. Rad1 Rad8 12. Rfe1 Rfe8 13. Bf1 e5 14. dxe5 Nxe5 15.
Nxe5 Bxe5 16. cxd5 Qc5 17. dxc6 Bxh2+ 18. Kxh2 Qh5+ 19. Kg1 Ng4 20. Bb5 Qh2+ 21.
Kf1 Qh1+ 22. Ke2 Rxe3+ 0-1

[Event "Online Olym Div2 D 2020"]
[Site "chess.com INT"]
[Date "2020.08.15"]
[Round "4.2"]
[Board "2"]
[White "Thybo, Jesper Sondergaard"]
[Black "Carroll, Peter"]
[Result "1-0"]
[WhiteTitle "GM"]
[BlackTitle "CM"]
[WhiteElo "2577"]
[BlackElo "2009"]
[WhiteTeam "Denmark"]
[BlackTeam "Ireland"]
[WhiteFideId "1438832"]
[BlackFideId "2510243"]
[EventDate "2020.08.14"]
[EventType "team"]

1. Nf3 Nf6 2. c4 g6 3. Nc3 Bg7 4. e4 O-O 5. d4 d6 6. Be2 e5 7. O-O exd4 8. Nxd4
Nc6 9. Be3 Re8 10. f3 Nh5 11. Qd2 Nf4 12. Nxc6 Nxe2+ 13. Nxe2 bxc6 14. Bd4 c5
15. Bxg7 Kxg7 16. Nc3 Be6 17. b3 Qf6 18. f4 Qd4+ 19. Qxd4+ cxd4 20. Nb5 Re7 21.
f5 gxf5 22. exf5 Bxf5 23. Rxf5 f6 24. Nxd4 Re4 25. Rf4 Rae8 26. Rxe4 Rxe4 27.
Nb5 a5 28. Nxc7 Re2 29. Rd1 Rxa2 30. Rxd6 Rc2 31. c5 Rc3 32. c6 Rxb3 33. Ne6+
Kg6 34. c7 Rc3 35. Rd8 Rc1+ 36. Kf2 Rc2+ 37. Ke3 Rc3+ 38. Kd4 Rxc7 39. Nxc7 a4
40. Ra8 a3 41. Rxa3 h6 42. Nd5 h5 43. Rg3+ Kf5 44. Rf3+ Kg4 45. Nxf6+ Kh4 46.
Rh3+ Kg5 47. Nxh5 Kg4 48. Ke5 Kg5 49. Rg3+ Kh4 50. Kf5 Kxh5 51. Rh3# 1-0